| 000 | 00438nam a2200193Ia 4500 | ||
|---|---|---|---|
| 003 | 0100 | ||
| 008 | 130303s9999 xx 000 0 und d | ||
| 040 | _cARRUPELIB | ||
| 050 | _aJA66.D381952 | ||
| 100 | _aDe Grazia, Alfred | ||
| 245 | 4 | _aThe elements of political science | |
| 260 | _aNew York | ||
| 260 | _bKnopf | ||
| 260 | _C1952 | ||
| 300 | _a635 p. | ||
| 300 | _b ill. 25 cm | ||
| 700 | _aAlfred De Grazia | ||
| 942 | 0 | 0 | _02 |
| 999 |
_c54702 _d54702 |
||